<The> New “Global”: The Role of Cargo Maritime Transport of Goods With Focus on The Transportation Corridor Between Southeast Asia and Northwestern Europe

Skúmanie vplyvu prepojenia medzi vybranými krajinami nákladnou námornou dopravou. Analýza na nákladov na dovoz 1 kontajnera prepravujúceho konkrétnu komoditu v konkrétnom dopravnom koridore. Výskum je rámcovaný novou inštitucionálnou teóriou, ktorá sa odráža v: teórii vlastníckych práv a prevode vla...

Descrizione completa

Salvato in:
Dettagli Bibliografici
Autore principale: Minárik, Marek
Altri autori: Čiderová, Denisa, 1977-
Natura: Capitolo di libro
Lingua:inglese
Soggetti:
Tags: Aggiungi Tag
Nessun Tag, puoi essere il primo ad aggiungerne!!

MARC

LEADER 00000naa$a2200000$$$4500
001 0272103
005 20240502083829.0
041 0 |a eng 
044 |a FR 
245 1 0 |a <The> New “Global”: The Role of Cargo Maritime Transport of Goods With Focus on The Transportation Corridor Between Southeast Asia and Northwestern Europe  |c Marek Minárik, Denisa Čiderová 
520 |a Skúmanie vplyvu prepojenia medzi vybranými krajinami nákladnou námornou dopravou. Analýza na nákladov na dovoz 1 kontajnera prepravujúceho konkrétnu komoditu v konkrétnom dopravnom koridore. Výskum je rámcovaný novou inštitucionálnou teóriou, ktorá sa odráža v: teórii vlastníckych práv a prevode vlastníctva tovaru a teórii transakčných nákladov, ktoré by mohli byť spojené s teóriou ekonomickej výmeny. 
610 2 0 |a globalizácia 
610 2 0 |a tranzit 
610 2 0 |a obchod medzinárodný 
610 2 0 |a doprava námorná 
610 2 0 |a vlastníctvo 
100 1 |a Minárik, Marek 
700 1 |a Čiderová, Denisa, 1977-